=LDR 00000nam 2200000 4500 =001 INLIS000000000023315 =005 20200219043531 =035 ##$$a 0010-061300000023315 =008 200219################g##########0#ind## =041 ##$$a Ind =082 ##$$a 100 =090 ##$$a 100, Kar t =100 1#$$a Kartanegara, Mulyadi =245 1#$$a The best chicken soup of the philosophers : $b Dari thales hingga an nafis /$c Mulyadi Kartanegara =260 ##$$a Jakarta :$b Hikmah,$c 2005 =300 ##$$a xxiii, 288 hlm. ; $c 16x24 cm. =650 #4$$a Filsafat =850 ##$$a NBPNMAT =084 ##$$a 100 KAR t =990 ##$$a 13021 =990 ##$$a 13022 =990 ##$$a 13023 =990 ##$$a 0001/BPAP-NTB/2016